BIBLIOTECA

SENCICO

Manual de diseño ecológico en arquitectura / (Registro nro. 125)

Detalles MARC
000 -LEADER
fixed length control field 01798nam a2200289Ia 4500
003 - CONTROL NUMBER IDENTIFIER
control field PE SENCICO BE
005 - DATE AND TIME OF LATEST TRANSACTION
control field 20251020182427.0
008 - FIXED-LENGTH DATA ELEMENTS--GENERAL INFORMATION
fixed length control field 200515s9999 xx 000 0 und d
020 ## - INTERNATIONAL STANDARD BOOK NUMBER
International Standard Book Number 978-607-17-2116-7
040 ## - CATALOGING SOURCE
Original cataloging agency PE SENCICO BE
Transcribing agency PE SENCICO BE
041 ## - LANGUAGE CODE
Language code of text/sound track or separate title spa
082 ## - DEWEY DECIMAL CLASSIFICATION NUMBER
Classification number 721.0467
Item number K99
100 1# - MAIN ENTRY--PERSONAL NAME
Personal name Kwok, Alison G.
9 (RLIN) 1355
Relator term autor
245 10 - TITLE STATEMENT
Title Manual de diseño ecológico en arquitectura /
Statement of responsibility, etc. Alison G. Kwok, Walter T. Grondzik
250 ## - EDITION STATEMENT
Edition statement [1a ed.]
260 ## - PUBLICATION, DISTRIBUTION, ETC.
Place of publication, distribution, etc. México, D. F. :
Name of publisher, distributor, etc. Trillas,
Date of publication, distribution, etc. 2015
300 ## - PHYSICAL DESCRIPTION
Extent 416 p. :
Other physical details il. col., diagrs. ;
Dimensions 27 cm.
520 3# - SUMMARY, ETC.
Summary, etc. Esta obra tiene como finalidad proporcionar la información necesaria para utilizar y aplicar adecuadamente diversas estrategias verdes que se pueden incluir y adaptar a cualquier proyecto de edificación en su etapa de diseño. Cada estrategia incluye una descripción de los principios y conceptos, así como sugerencias para integrarla en el edificio verde; se presentan procedimientos paso a paso para ayudar al dimensionamiento preliminar de componentes y se hacen referencias a la normatividad vigente. Además, incluye guías de diseño e información complementaria, croquis conceptuales y ejemplos. Con este manual podrás analizar diversos casos de estudio, lo que te permitirá generar ideas y adaptarlas a proyectos de clase o en el ámbito profesional, ya que este libro está dirigido tanto a estudiantes de arquitectura, como a profesionales de la construcción y empresas afines.
650 10 - SUBJECT ADDED ENTRY--TOPICAL TERM
Topical term or geographic name entry element Arquitectura ecológica
9 (RLIN) 806
650 20 - SUBJECT ADDED ENTRY--TOPICAL TERM
Topical term or geographic name entry element Arquitectura y clima
9 (RLIN) 188
650 20 - SUBJECT ADDED ENTRY--TOPICAL TERM
Topical term or geographic name entry element Decoración y ornamentación
9 (RLIN) 389
650 20 - SUBJECT ADDED ENTRY--TOPICAL TERM
Topical term or geographic name entry element Diseño arquitectónico
9 (RLIN) 18
650 20 - SUBJECT ADDED ENTRY--TOPICAL TERM
Topical term or geographic name entry element Tecnología ecológica
9 (RLIN) 1297
700 1# - ADDED ENTRY--PERSONAL NAME
9 (RLIN) 1356
Personal name Grondzik, Walter T.
Relator term autor
942 ## - ADDED ENTRY ELEMENTS (KOHA)
Koha item type Libros
Source of classification or shelving scheme Dewey Decimal Classification
Existencias
Fecha de la última vez que lo usaron Número de ingreso o de inventario Pago total Signatura topográfica completa Precio efectivo desde Tipo de documento Estado perdido Sistema de clasificación Estado dañado No es para préstamo Retirado Ubicación permanente Ubicación actual Fecha de adquisición Fuente de adquisición
15/05/2020 16633   721.0467/K99 20/10/2025 Libros   Dewey Decimal Classification       Biblioteca Central Lima Biblioteca Central Lima 03/08/2023 Comprado de la librería Cydma Tech